U.S. General Knowledge #9 - Statistics

General Stats
  • This quiz has been taken 19,340 times
    11,966 since last reset
  • The average score is 11 of 20
Answer Stats
Question Answer % Correct
What is the term for the people born between 1946 and 1964? Baby Boomer
96%
In what city is NASA's mission control center located? Houston
91%
Who is Kermit the Frog's girlfriend? Miss Piggy
88%
Who tried to jump over Snake River Canyon in a rocket-powered motorcycle? Evel Knievel
71%
In what Colorado ski town does the average home sell for over $10 million? Aspen
69%
Who did Gerald R. Ford famously (or infamously) pardon in 1974? Richard Nixon
69%
Who is smarter than the average bear? Yogi Bear
68%
On what island would you find the Haleakalā volcano? Maui
55%
In what New York neighborhood would one find the Apollo Theater? Harlem
53%
By surface area, what is the largest U.S. lake west of the Mississippi? Great Salt Lake
52%
Who starred in the baseball movies "Bull Durham" and "Field of Dreams"? Kevin Costner
52%
Who wrote "The Star-Spangled Banner"? Francis Scott Key
49%
A valedictorian is the person who finishes first in their class. What is the name for the person who finishes second? Salutatorian
42%
Who was the original host of "America's Funniest Home Videos"? Bob Saget
41%
What architect designed the Guggenheim museum in New York? Frank Lloyd Wright
39%
What is the biggest city in Maricopa county? Phoenix
39%
What led the big parade in the the musical "The Music Man"? 76 {Trombones}
35%
Whose fitness videos are called "Sweatin' to the Oldies"? Richard Simmons
34%
What is the highest level of security clearance in the United States? Top Secret
30%
In the show "The A-Team", what was the only thing that B.A. Baracus was afraid of? Flying
28%
No matching quizzes found
Score Distribution
Percent of People with Each Score
Percentile by Number Answered
Your Score History
You have not taken this quiz since the last reset